| 000 -LEADER |
| fixed length control field |
01003pab a2200193 454500 |
| 008 - FIXED-LENGTH DATA ELEMENTS--GENERAL INFORMATION |
| fixed length control field |
180718b2004 xxu||||| |||| 00| 0 eng d |
| 100 ## - MAIN ENTRY--PERSONAL NAME |
| Personal name |
Chandra, Navin |
| 245 ## - TITLE STATEMENT |
| Title |
Collective bargaining in the era of lean production |
| 260 ## - PUBLICATION, DISTRIBUTION, ETC. |
| Date of publication, distribution, etc. |
2004 |
| 300 ## - PHYSICAL DESCRIPTION |
| Extent |
p.1133-141. |
| 362 ## - DATES OF PUBLICATION AND/OR SEQUENTIAL DESIGNATION |
| Dates of publication and/or sequential designation |
Oct-Dec |
| 520 ## - SUMMARY, ETC. |
| Summary, etc. |
In this paper, the author argues how the old organising strategy for collective bargaining has become inadequate and, therefore, how the search for new strategy of organising on the one hand and redefining the scope and contents of collective bargaining on the other hand have become current imperatives. A hierarchy of organising and collective levels have to be evolved and democratically integrated both horizontally and vertically for real progress to be seen in the working class movement. - Reproduced. |
| 650 ## - SUBJECT ADDED ENTRY--TOPICAL TERM |
| Topical term or geographic name entry element |
Industrial production |
| 650 ## - SUBJECT ADDED ENTRY--TOPICAL TERM |
| Topical term or geographic name entry element |
Labour |
| 650 ## - SUBJECT ADDED ENTRY--TOPICAL TERM |
| Topical term or geographic name entry element |
Production |
| 650 ## - SUBJECT ADDED ENTRY--TOPICAL TERM |
| Topical term or geographic name entry element |
Collective bargaining |
| 773 ## - HOST ITEM ENTRY |
| Main entry heading |
Indian Journal of Labour Economics |
| 909 ## - |
| -- |
63950 |